MARC

LEADER 00000nam0a2200000 4500
001 188283
005 20231031174937.0
029 1 0 |a RU  |b IV-6-82  |c  СНиП 
035 |a (RuTPU)RU\TPU\book\204519 
090 |a 188283 
100 |a 20101207d1983 k y0rusy50 ca 
101 0 |a rus 
102 |a RU 
105 |a a l 000zy 
200 1 |a Оборудование для очистки газов. Сб. 15. СНиП IV-6-82  |f Государственный комитет Совета Министров СССР по делам строительства (Госстрой СССР) 
205 |a Офиц. изд. 
210 |a Москва  |c Стройиздат  |d 1983 
215 |a 11 с.  |c табл. 
225 1 |a Строительные нормы и правила 
225 1 |a Сборники расценок на монтаж оборудования 
229 |a Утверждены постановлением Государственного комитета СССР по делам строительства от 8 июня 1982 г. № 153  |a Взамен Ценника на монтаж оборудования № 15, введенного в действие с 1 января 1977 г. 
610 1 |a строительство 
610 1 |a СНиПы 
610 1 |a строительные нормы и правила 
610 1 |a очистка газов 
610 1 |a электрическая очистка 
610 1 |a механическая очистка 
610 1 |a электрофильтры 
675 |a 66  |v 3 
712 0 1 |a СССР  |b Государственный комитет по делам строительства (Госстрой СССР)  |c (1950-1991)  |2 stltpush  |3 (RuTPU)RU\TPU\col\7934 
801 1 |a RU  |b 63413507  |c 20030819  |g PSBO 
801 2 |a RU  |b 63413507  |c 20221208  |g PSBO 
942 |c BK